[Event "44.Semif.Camp.Italiano Categoria Mag."]
[Site "Torino ITA"]
[Date "1984.01.24"]
[Round "4"]
[White "Laco, Giuseppe"]
[Black "Diana, Riccardo"]
[Result "1/2-1/2"]
[WhiteElo "2170"]
[BlackElo "1958"]
[Annotator "Gabriele Ballarin"]
[PlyCount "145"]
[EventDate "1984.01.21"]
[EventType "swiss"]
[EventRounds "9"]
[EventCountry "ITA"]

{[%evp 0,9,34,-24,-17,-85,-87,-120,-91,-104,-28,-80]} 1. c4 Nf6 2. b4 e5 3. a3 d5 4. cxd5 Nxd5 5. Bb2 Bd6 6. Nc3 Nxc3 7. dxc3 O-O 8. Qc2 Qe7 9. e4 Be6 10. c4 c5 11. b5 Bc7 12. Bd3 Ba5+ 13. Kf1 Nd7 14. h3 Rfd8 15. Nf3 Nb6 16. Be2 f6 17. g3 Qf7 18. Rc1 Rd7 19. Kg2 Rad8 20. Bc3 Bxc3 21. Qxc3 g5 22. Rc2 Qg6 23. Qe3 Kg7 24. g4 Rc7 25. Nd2 Rd4 26. f3 Qf7 27. Rhc1 Rd8 28. Nb3 Rdc8 29. Qc3 Nd7 30. h4 gxh4 31. Rh1 Nf8 32. Rxh4 Ng6 33. Rh1 Nf4+ 34. Kf2 Rd8 35. Rcc1 b6 36. Rh2 Rh8 37. Nd2 h6 38. Nf1 Rd7 39. Ne3 Rd4 40. Bf1 Rhd8 41. Nd5 Bxd5 42. cxd5 h5 43. Bc4 Rh8 44. Rh4 hxg4 45. d6 Qd7 46. Rxg4+ Kf8 47. Ke3 Qxd6 48. Rcg1 Rxc4 49. Qxc4 Qd4+ 50. Qxd4 cxd4+ 51. Kd2 Rh2+ 52. Kd1 Ra2 53. Rg8+ Ke7 54. R1g7+ Kd6 55. Rxa7 Kc5 56. a4 Kc4 57. Rc8+ Kd3 58. Kc1 Ke3 59. Kb1 Rf2 60. Rd7 Ne2 61. Kc2 Rf1 62. Rc6 Nf4 63. Rxb6 d3+ 64. Kb2 Ne2 65. Rxd3+ Kxd3 66. Rxf6 Rf2 67. b6 Nd4+ 68. Ka3 Kc3 69. a5 Rf1 70. a6 Rb1 71. Ka2 Rb2+ 72. Ka3 Rb3+ 73. Ka2 1/2-1/2

[Event "44.Semif.Camp.Italiano Categoria Mag."]
[Site "Torino ITA"]
[Date "1984.01.24"]
[Round "4"]
[White "Luciani, Carlo"]
[Black "Messa, Roberto"]
[Result "1/2-1/2"]
[WhiteElo "2112"]
[BlackElo "2255"]
[Annotator "Gabriele Ballarin"]
[PlyCount "98"]
[EventDate "1984.01.21"]
[EventType "swiss"]
[EventRounds "9"]
[EventCountry "ITA"]

1. e4 e6 2. d4 d5 3. Nd2 c5 4. exd5 Qxd5 5. Ngf3 cxd4 6. Bc4 Qd6 7. O-O Nf6 8. Nb3 Nc6 9. Nbxd4 Nxd4 10. Nxd4 a6 11. c3 Qc7 12. Qe2 Bd6 13. h3 O-O 14. Bb3 b6 15. Bg5 Bb7 16. Rad1 Ne4 17. Bc1 Bh2+ 18. Kh1 Bf4 19. Bc2 Bxc1 20. Rxc1 Qf4 21. Qf3 Qxf3 22. Nxf3 Rfd8 23. Kg1 Kf8 24. Rfd1 Ke7 25. Kf1 Bd5 26. Ke2 Ra7 27. Ne5 Rc7 28. Bxe4 Bxe4 29. Rxd8 Kxd8 30. g3 f6 31. Rd1+ Ke7 32. Nf3 e5 33. h4 Bf5 34. Ke3 Bc2 35. Rd2 Bb1 36. a3 Rc4 37. Re2 Re4+ 38. Kd2 Kd6 39. Re3 Kd5 40. b3 b5 41. Ke2 Rxe3+ 42. Kxe3 Bc2 43. Nd2 g5 44. f3 gxh4 45. gxh4 f5 46. f4 e4 47. b4 Bd1 48. Kf2 Bc2 49. Ke3 Bd1 1/2-1/2

[Event "44.Semif.Camp.Italiano Categoria Mag."]
[Site "Torino ITA"]
[Date "1984.01.24"]
[Round "4"]
[White "Malgaroli, Luciano"]
[Black "Belotti, Bruno"]
[Result "1/2-1/2"]
[WhiteElo "2072"]
[BlackElo "2206"]
[Annotator "Gabriele Ballarin"]
[PlyCount "47"]
[EventDate "1984.01.21"]
[EventType "swiss"]
[EventRounds "9"]
[EventCountry "ITA"]

1. d4 Nf6 2. Bg5 e6 3. Nd2 h6 4. Bh4 c5 5. e3 Be7 6. Ngf3 b6 7. Bd3 Bb7 8. c3 d5 9. Ne5 Nbd7 10. f4 O-O 11. O-O Ne4 12. Bxe7 Qxe7 13. Nxd7 Qxd7 14. Nxe4 dxe4 15. Be2 cxd4 16. Qxd4 Qc7 17. Rad1 Rfd8 18. Qc4 Qe7 19. Rxd8+ Rxd8 20. Rd1 Rxd1+ 21. Bxd1 e5 22. fxe5 Qxe5 23. Qd4 Qb5 24. Bb3 1/2-1/2

[Event "44.Semif.Camp.Italiano Categoria Mag."]
[Site "Torino ITA"]
[Date "1984.01.24"]
[Round "4"]
[White "Mantovani, Renzo"]
[Black "Fabbri, Mario"]
[Result "1/2-1/2"]
[WhiteElo "2146"]
[BlackElo "2200"]
[Annotator "Gabriele Ballarin"]
[PlyCount "53"]
[EventDate "1984.01.21"]
[EventType "swiss"]
[EventRounds "9"]
[EventCountry "ITA"]

1. e4 e5 2. Nf3 Nc6 3. Nc3 Nf6 4. d4 exd4 5. Nxd4 Bb4 6. Nxc6 bxc6 7. Bd3 d5 8. exd5 Qe7+ 9. Qe2 Qxe2+ 10. Kxe2 cxd5 11. Nb5 Kd8 12. Bg5 Be7 13. Nd4 h6 14. Bh4 Bd7 15. Nf5 Bxf5 16. Bxf5 Nh5 17. Bg3 Nxg3+ 18. hxg3 Bf6 19. Rad1 c6 20. c4 Re8+ 21. Kf3 d4 22. Be4 Kc7 23. Rh5 Re5 24. Rxe5 Bxe5 25. Rd3 Rb8 26. Ra3 Rxb2 27. Rxa7+ 1/2-1/2

[Event "44.Semif.Camp.Italiano Categoria Mag."]
[Site "Torino ITA"]
[Date "1984.01.24"]
[Round "4"]
[White "Marchiori, Diego"]
[Black "Palmiotto, Fiorentino"]
[Result "1/2-1/2"]
[WhiteElo "2009"]
[BlackElo "2095"]
[Annotator "Gabriele Ballarin"]
[PlyCount "40"]
[EventDate "1984.01.21"]
[EventType "swiss"]
[EventRounds "9"]
[EventCountry "ITA"]

1. e4 c5 2. Nf3 d6 3. d4 cxd4 4. Nxd4 e5 5. Bb5+ Bd7 6. Bxd7+ Qxd7 7. Nf5 Nf6 8. Nc3 Nxe4 9. Nxg7+ Bxg7 10. Nxe4 d5 11. Bh6 O-O 12. Bxg7 Kxg7 13. Ng3 Nc6 14. Qh5 f5 15. Qg5+ Kh8 16. Nh5 Rf7 17. O-O-O Rg8 18. Qd2 f4 19. f3 d4 20. Rhg1 Qe7 {Nur} 1/2-1/2

[Event "44.Semif.Camp.Italiano Categoria Mag."]
[Site "Torino ITA"]
[Date "1984.01.24"]
[Round "4"]
[White "Rodella, Franco"]
[Black "Ciuffoletti, Paolo"]
[Result "0-1"]
[WhiteElo "1905"]
[BlackElo "2128"]
[Annotator "Gabriele Ballarin"]
[PlyCount "76"]
[EventDate "1984.01.21"]
[EventType "swiss"]
[EventRounds "9"]
[EventCountry "ITA"]

1. Nf3 d5 2. g3 c5 3. d4 e6 4. Bg2 Nc6 5. O-O Nf6 6. c3 Be7 7. Bg5 b6 8. Nbd2 O-O 9. Re1 Ne4 10. Bxe7 Qxe7 11. Nxe4 dxe4 12. Ne5 Nxe5 13. dxe5 Bb7 14. Qc2 f5 15. exf6 Qxf6 16. Rf1 Qf5 17. Rad1 Rad8 18. Rxd8 Rxd8 19. Rd1 Rd5 20. e3 Qh5 21. Rd2 Rxd2 22. Qxd2 Qd5 23. Qc2 Bc6 24. c4 Qe5 25. Qd1 h6 26. Qb1 a6 27. h4 b5 28. cxb5 axb5 29. Qc2 Qd5 30. a3 c4 31. Kf1 Kf7 32. Ke1 Qd3 33. Qxd3 cxd3 34. Kd2 Ke7 35. Bf1 e5 36. f3 exf3 37. e4 Bxe4 38. Bxd3 Bxd3 0-1

[Event "44.Semif.Camp.Italiano Categoria Mag."]
[Site "Torino ITA"]
[Date "1984.01.24"]
[Round "4"]
[White "Salvetti, Alec"]
[Black "Gibellato, Francesco"]
[Result "1-0"]
[WhiteElo "1979"]
[BlackElo "2070"]
[Annotator "Gabriele Ballarin"]
[PlyCount "53"]
[EventDate "1984.01.21"]
[EventType "swiss"]
[EventRounds "9"]
[EventCountry "ITA"]

1. e4 e5 2. Nf3 Nc6 3. Bb5 a6 4. Ba4 Nf6 5. d4 exd4 6. O-O Be7 7. Re1 O-O 8. e5 Ne8 9. Bf4 b5 10. Bb3 Na5 11. Nxd4 d5 12. c3 c5 13. Nf3 Nxb3 14. axb3 Nc7 15. Nbd2 Ne6 16. Bg3 Bb7 17. Qe2 d4 18. Ne4 Qd5 19. Rad1 Qxb3 20. cxd4 Bxe4 21. Qxe4 cxd4 22. Nxd4 Nxd4 23. Rxd4 Rad8 24. Rxd8 Rxd8 25. Qe2 Bb4 26. Rc1 Rd2 27. Qxd2 1-0

[Event "44.Semif.Camp.Italiano Categoria Mag."]
[Site "Torino ITA"]
[Date "1984.01.24"]
[Round "4"]
[White "Steinfl, Alessandro"]
[Black "Geuna, Giuseppe"]
[Result "1-0"]
[WhiteElo "2025"]
[BlackElo "1900"]
[Annotator "Gabriele Ballarin"]
[PlyCount "61"]
[EventDate "1984.01.21"]
[EventType "swiss"]
[EventRounds "9"]
[EventCountry "ITA"]

1. e4 g6 2. d4 Bg7 3. Nc3 d6 4. Bg5 Nc6 5. Nge2 f6 6. Be3 Nh6 7. f3 Nf7 8. h4 e5 9. h5 Bd7 10. Qd2 g5 11. O-O-O O-O 12. g3 a5 13. f4 a4 14. dxe5 gxf4 15. gxf4 fxe5 16. f5 h6 17. Rg1 Kh7 18. Rg6 Ng5 19. Bxg5 hxg5 20. h6 Bxh6 21. Nf4 Rf6 22. Rxf6 Qxf6 23. Ncd5 Qe7 24. Nh5 Nd4 25. Bc4 Kh8 26. Rh1 b5 27. Nhf6 Nxf5 28. exf5 Bxf5 29. Rxh6+ Kg7 30. Qh2 bxc4 31. Rh7+ 1-0

[Event "44.Semif.Camp.Italiano Categoria Mag."]
[Site "Torino ITA"]
[Date "1984.01.24"]
[Round "4"]
[White "Vallifuoco, Giovanni"]
[Black "Pantaleoni, Claudio"]
[Result "0-1"]
[WhiteElo "2120"]
[BlackElo "2158"]
[Annotator "Gabriele Ballarin"]
[PlyCount "79"]
[EventDate "1984.01.21"]
[EventType "swiss"]
[EventRounds "9"]
[EventCountry "ITA"]

1. d4 d5 2. c4 e6 3. Nc3 Be7 4. Nf3 Nf6 5. Bg5 h6 6. Bh4 O-O 7. e3 b6 8. Bd3 Bb7 9. O-O Nbd7 10. Qe2 c5 11. Rfd1 Rc8 12. cxd5 Nxd5 13. Bg3 cxd4 14. Nxd5 Bxd5 15. Ba6 Nc5 16. Bxc8 d3 17. Qe1 Qxc8 18. b4 Na6 19. a3 Bc4 20. Ne5 Bf6 21. Rac1 Bxe5 22. Bxe5 b5 23. Qc3 f6 24. Bd6 Rd8 25. Bg3 Qd7 26. f3 e5 27. a4 Qd6 28. axb5 Bxb5 29. Be1 Ba4 30. Qc4+ Kh8 31. Rd2 Nxb4 32. Ra1 Bc2 33. Rxa7 Qb6 34. Qf7 Rg8 35. Bf2 Nc6 36. Ra1 Na5 37. Qa2 Nb3 38. Qb2 Rb8 39. e4 Qc7 40. Rdd1 0-1

[Event "44.Semif.Camp.Italiano Categoria Mag."]
[Site "Torino ITA"]
[Date "1984.01.24"]
[Round "4"]
[White "Villasco, Paolo"]
[Black "Drei, Andrea"]
[Result "0-1"]
[WhiteElo "1900"]
[BlackElo "2132"]
[Annotator "Gabriele Ballarin"]
[PlyCount "81"]
[EventDate "1984.01.21"]
[EventType "swiss"]
[EventRounds "9"]
[EventCountry "ITA"]

1. d4 Nf6 2. c4 g6 3. Nc3 Bg7 4. e4 d6 5. f3 O-O 6. Bg5 c5 7. d5 h6 8. Be3 e6 9. Qd2 exd5 10. cxd5 Kh7 11. Nge2 Nbd7 12. Ng3 Ne5 13. Be2 Re8 14. O-O a6 15. a4 Ng8 16. h3 f5 17. Bf2 Ne7 18. f4 Nf7 19. Bd3 fxe4 20. Bxe4 Nf5 21. Nxf5 gxf5 22. Bf3 Bd7 23. a5 b5 24. axb6 Qxb6 25. Bh5 Kg8 26. Rfe1 Qb4 27. Rxe8+ Bxe8 28. Be3 a5 29. Be2 Rb8 30. Nd1 a4 31. Ra2 Bd7 32. Nc3 Ra8 33. Bd1 a3 34. Qc2 Ra5 35. Bd2 axb2 36. Rxa5 Qxa5 37. Qxb2 Bc8 38. Bb3 Bd4+ 39. Kh1 Ba6 40. Qc2 Qa1+ 41. Nb1 {Nur} 0-1

[Event "44.Semif.Camp.Italiano Categoria Mag."]
[Site "Torino ITA"]
[Date "1984.01.25"]
[Round "5"]
[White "Bellia, Fabrizio"]
[Black "Corgnati, Maurizio"]
[Result "1-0"]
[WhiteElo "2115"]
[BlackElo "2117"]
[Annotator "Gabriele Ballarin"]
[PlyCount "82"]
[EventDate "1984.01.21"]
[EventType "swiss"]
[EventRounds "9"]
[EventCountry "ITA"]

1. e4 e6 2. d3 d5 3. Nd2 Nf6 4. Ngf3 Nc6 5. c3 e5 6. Be2 Be7 7. O-O O-O 8. Re1 a5 9. h3 Re8 10. Bf1 Bc5 11. a4 Ba7 12. exd5 Nxd5 13. Nc4 f6 14. g3 Be6 15. Qe2 Qd7 16. Kh2 Rad8 17. Bd2 Bf7 18. Rad1 Bh5 19. Bg2 Qc8 20. Qf1 Nb6 21. Nxb6 Bxb6 22. Be3 Bxe3 23. Rxe3 Rd6 24. Rde1 Red8 25. Nd2 Bg6 26. Nc4 Rxd3 27. Bxc6 bxc6 28. Nxa5 Rd2 29. Nxc6 Re8 30. b3 Qe6 31. Nd4 Qd7 32. Nf3 Bd3 33. Qg1 Rb2 34. Rd1 e4 35. Ne1 Qc6 36. Nxd3 exd3 37. Rdxd3 Rxe3 38. Rxe3 Rxb3 39. Qe1 Qxa4 40. Re8+ Kf7 41. Re7+ Kg6 1-0

[Event "44.Semif.Camp.Italiano Categoria Mag."]
[Site "Torino ITA"]
[Date "1984.01.25"]
[Round "5"]
[White "Belotti, Bruno"]
[Black "Vallifuoco, Giovanni"]
[Result "1/2-1/2"]
[WhiteElo "2206"]
[BlackElo "2120"]
[Annotator "Gabriele Ballarin"]
[PlyCount "84"]
[EventDate "1984.01.21"]
[EventType "swiss"]
[EventRounds "9"]
[EventCountry "ITA"]

1. d4 Nf6 2. c4 c5 3. d5 b5 4. Nf3 g6 5. a4 bxc4 6. Nc3 d6 7. Nd2 Bg7 8. e4 O-O 9. Nxc4 Na6 10. Be2 Nb4 11. O-O Ba6 12. Bg5 Nd7 13. Ne3 Rb8 14. Qd2 c4 15. Bxc4 Nc5 16. Qe2 Nbd3 17. Bxa6 Rxb2 18. Qd1 Bxc3 19. Bxd3 Rd2 20. Qc1 Rxd3 21. Ra3 Bg7 22. Rxd3 Nxd3 23. Qc4 Nc5 24. Nc2 Qd7 25. Nb4 Qxa4 26. Bxe7 Re8 27. Bxd6 Nxe4 28. Bf4 g5 29. Be3 Nd6 30. Qc5 Bf8 31. Nc6 Ne4 32. Qxa7 Qb3 33. Qd7 Nf6 34. Qf5 Qxd5 35. Qxf6 Re6 36. Qxg5+ Qxg5 37. Bxg5 Rxc6 38. Be3 Kg7 39. g3 Rc2 40. Kg2 Bc5 41. Rc1 Rxc1 42. Bxc1 h5 1/2-1/2

[Event "44.Semif.Camp.Italiano Categoria Mag."]
[Site "Torino ITA"]
[Date "1984.01.25"]
[Round "5"]
[White "Benso, Enrico"]
[Black "Bianco, Valerio"]
[Result "1-0"]
[WhiteElo "1900"]
[BlackElo "1973"]
[Annotator "Gabriele Ballarin"]
[PlyCount "41"]
[EventDate "1984.01.21"]
[EventType "swiss"]
[EventRounds "9"]
[EventCountry "ITA"]

1. Nf3 c5 2. g3 b6 3. Bg2 Bb7 4. O-O Nf6 5. c4 e6 6. Nc3 Nc6 7. e4 Qb8 8. d3 Be7 9. b3 O-O 10. Bb2 Rd8 11. Nh4 Nd4 12. Ne2 Nxe2+ 13. Qxe2 Ne8 14. f4 d6 15. Nf3 a6 16. Ng5 g6 17. Qg4 Nf6 18. Qh4 Nh5 19. g4 h6 20. gxh5 hxg5 21. fxg5 1-0

[Event "44.Semif.Camp.Italiano Categoria Mag."]
[Site "Torino ITA"]
[Date "1984.01.25"]
[Round "5"]
[White "Drei, Andrea"]
[Black "Ceschia, Ivano"]
[Result "0-1"]
[WhiteElo "2132"]
[BlackElo "2244"]
[Annotator "Gabriele Ballarin"]
[PlyCount "50"]
[EventDate "1984.01.21"]
[EventType "swiss"]
[EventRounds "9"]
[EventCountry "ITA"]

1. e4 c5 2. Nf3 d6 3. d4 cxd4 4. Nxd4 Nf6 5. Nc3 Nc6 6. Bg5 e6 7. Qd2 a6 8. O-O-O h6 9. Bh4 Nxe4 10. Qf4 Ng5 11. Nxc6 bxc6 12. Qe3 Qa5 13. Bd3 Qb4 14. f4 Rb8 15. a3 Qxb2+ 16. Kd2 Rb3 17. Na4 Rxd3+ 18. Qxd3 Qb5 19. Qxb5 axb5 20. fxg5 bxa4 21. Kc3 hxg5 22. Bxg5 f6 23. Bf4 e5 24. Be3 Bb7 25. Rd2 d5 0-1

[Event "44.Semif.Camp.Italiano Categoria Mag."]
[Site "Torino ITA"]
[Date "1984.01.25"]
[Round "5"]
[White "Fabbri, Mario"]
[Black "Ciuffoletti, Paolo"]
[Result "0-1"]
[WhiteElo "2200"]
[BlackElo "2128"]
[Annotator "Gabriele Ballarin"]
[PlyCount "108"]
[EventDate "1984.01.21"]
[EventType "swiss"]
[EventRounds "9"]
[EventCountry "ITA"]

1. d4 d5 2. Nf3 e6 3. c4 c5 4. cxd5 exd5 5. g3 Nc6 6. Bg2 Nf6 7. O-O Be7 8. b3 O-O 9. Bb2 Ne4 10. dxc5 Bxc5 11. Nc3 Be6 12. Na4 Bb6 13. Nxb6 Qxb6 14. Nd4 Nxd4 15. Qxd4 Qxd4 16. Bxd4 a5 17. Rfd1 Rfc8 18. Rac1 a4 19. b4 a3 20. e3 b5 21. Bf3 Rxc1 22. Rxc1 Ra4 23. Bc5 Nxc5 24. Rxc5 Rxb4 25. Bxd5 Rb1+ 26. Kg2 Bxd5+ 27. Rxd5 Kf8 28. Kf3 b4 29. Ra5 Rb2 30. Ra4 Ke7 31. Ke4 Rxf2 32. h4 Rb2 33. Kd5 Kf6 34. Kc4 Rxa2 35. Kxb4 Rg2 36. Kxa3 Rxg3 37. Re4 h5 38. Kb2 Rg4 39. Re8 Rxh4 40. Kc3 Rh2 41. Kd3 h4 42. Ke4 g5 43. Kf3 Rh3+ 44. Kg2 Rg3+ 45. Kf2 g4 46. Rh8 Rf3+ 47. Ke2 h3 48. Rh5 Kg6 49. Rh8 Rf5 50. Rg8+ Kh5 51. Rh8+ Kg5 52. Ke1 Rf6 53. Rg8+ Rg6 54. Rf8 h2 0-1

[Event "44.Semif.Camp.Italiano Categoria Mag."]
[Site "Torino ITA"]
[Date "1984.01.25"]
[Round "5"]
[White "Gallo, Enrico"]
[Black "Boschetti, Marco"]
[Result "1-0"]
[WhiteElo "2042"]
[BlackElo "1964"]
[Annotator "Gabriele Ballarin"]
[PlyCount "79"]
[EventDate "1984.01.21"]
[EventType "swiss"]
[EventRounds "9"]
[EventCountry "ITA"]

1. e4 e6 2. d4 d5 3. Nd2 Nf6 4. e5 Nfd7 5. Bd3 c5 6. c3 Nc6 7. Ne2 cxd4 8. cxd4 f6 9. exf6 Nxf6 10. O-O Bd6 11. Nf3 Qc7 12. Nc3 a6 13. Bg5 O-O 14. Bh4 Kh8 15. Bg3 Bxg3 16. hxg3 Bd7 17. Rc1 Qb6 18. Na4 Qa7 19. Bb1 Rae8 20. Nc5 Bc8 21. Ne5 Nxe5 22. dxe5 Ng8 23. Qd3 g6 24. Qd4 Ne7 25. Nxe6 Qxd4 26. Nxd4 Nf5 27. Nxf5 Bxf5 28. Bxf5 Rxf5 29. f4 Rf7 30. Rfd1 Rd7 31. Rd4 Kg7 32. Rc5 Red8 33. g4 Kf7 34. f5 Ke7 35. e6 Rd6 36. Rc7+ Kf6 37. Rf7+ Ke5 38. Rd1 Re8 39. Re1+ Kf4 40. e7 1-0

[Event "44.Semif.Camp.Italiano Categoria Mag."]
[Site "Torino ITA"]
[Date "1984.01.25"]
[Round "5"]
[White "Gualtieri, Gaetano"]
[Black "Marchiori, Diego"]
[Result "1/2-1/2"]
[WhiteElo "1900"]
[BlackElo "2009"]
[Annotator "Gabriele Ballarin"]
[PlyCount "43"]
[EventDate "1984.01.21"]
[EventType "swiss"]
[EventRounds "9"]
[EventCountry "ITA"]

1. d4 Nf6 2. c4 g6 3. Nc3 Bg7 4. e4 d6 5. f3 O-O 6. Be3 Nc6 7. Qd2 a6 8. Nge2 Rb8 9. Nc1 e5 10. d5 Nd4 11. N1e2 c5 12. dxc6 Nxc6 13. g3 b5 14. cxb5 axb5 15. Rd1 b4 16. Na4 Qa5 17. b3 Rd8 18. Qc1 Na7 19. Bg2 Be6 20. O-O Nb5 21. Rd3 d5 22. exd5 1/2-1/2

[Event "44.Semif.Camp.Italiano Categoria Mag."]
[Site "Torino ITA"]
[Date "1984.01.25"]
[Round "5"]
[White "Luciani, Carlo"]
[Black "Villasco, Paolo"]
[Result "1-0"]
[WhiteElo "2112"]
[BlackElo "1900"]
[Annotator "Gabriele Ballarin"]
[PlyCount "43"]
[EventDate "1984.01.21"]
[EventType "swiss"]
[EventRounds "9"]
[EventCountry "ITA"]

1. e4 e6 2. d4 d5 3. Nd2 c5 4. exd5 Qxd5 5. Ngf3 cxd4 6. Bc4 Qd6 7. O-O Nc6 8. Nb3 a6 9. Nbxd4 Nxd4 10. Nxd4 Qc7 11. Qe2 Bd6 12. h3 Ne7 13. a4 b6 14. b3 O-O 15. Bb2 Nd5 16. Nf5 Nf4 17. Qg4 Be5 18. Nxg7 Kh8 19. Qxf4 Bxf4 20. Nxe6+ Kg8 21. Nxc7 Bxc7 22. Rfe1 1-0

[Event "44.Semif.Camp.Italiano Categoria Mag."]
[Site "Torino ITA"]
[Date "1984.01.25"]
[Round "5"]
[White "Malgaroli, Luciano"]
[Black "Cordara, Michele"]
[Result "1/2-1/2"]
[WhiteElo "2072"]
[BlackElo "2151"]
[Annotator "Gabriele Ballarin"]
[PlyCount "56"]
[EventDate "1984.01.21"]
[EventType "swiss"]
[EventRounds "9"]
[EventCountry "ITA"]

1. d4 Nf6 2. Nf3 e6 3. g3 b6 4. Bg2 Bb7 5. O-O Be7 6. c4 d5 7. Nbd2 O-O 8. b3 c5 9. dxc5 bxc5 10. Bb2 Qb6 11. Ne5 Nc6 12. Nxc6 Bxc6 13. cxd5 exd5 14. Qc2 Qb7 15. Rac1 Nd7 16. Rfd1 Rfc8 17. Qf5 g6 18. Qh3 a5 19. Nc4 a4 20. Ne3 d4 21. Bxc6 Rxc6 22. Nd5 Bd8 23. b4 Rd6 24. e4 dxe3 25. Nxe3 Re6 26. Qh6 Bf6 27. Qf4 cxb4 28. Qc4 Nf8 1/2-1/2

[Event "44.Semif.Camp.Italiano Categoria Mag."]
[Site "Torino ITA"]
[Date "1984.01.25"]
[Round "5"]
[White "Mammola, Dino"]
[Black "Gibellato, Francesco"]
[Result "1/2-1/2"]
[WhiteElo "2005"]
[BlackElo "2070"]
[Annotator "Gabriele Ballarin"]
[PlyCount "32"]
[EventDate "1984.01.21"]
[EventType "swiss"]
[EventRounds "9"]
[EventCountry "ITA"]

1. d4 Nf6 2. Nf3 g6 3. g3 Bg7 4. Bg2 O-O 5. O-O d6 6. c4 Nc6 7. d5 Na5 8. Nfd2 c6 9. Na3 cxd5 10. cxd5 e6 11. e4 exd5 12. exd5 Bg4 13. Nf3 Rc8 14. Be3 a6 15. Rc1 Rxc1 16. Bxc1 Qc7 1/2-1/2

[Event "44.Semif.Camp.Italiano Categoria Mag."]
[Site "Torino ITA"]
[Date "1984.01.25"]
[Round "5"]
[White "Messa, Roberto"]
[Black "Geuna, Giuseppe"]
[Result "1-0"]
[WhiteElo "2255"]
[BlackElo "1900"]
[Annotator "Gabriele Ballarin"]
[PlyCount "57"]
[EventDate "1984.01.21"]
[EventType "swiss"]
[EventRounds "9"]
[EventCountry "ITA"]

1. e4 g6 2. d4 Bg7 3. Nc3 d6 4. Nge2 Nc6 5. d5 Ne5 6. f4 Nd7 7. g3 e5 8. dxe6 fxe6 9. Bg2 Ngf6 10. O-O Nb6 11. a4 a5 12. h3 O-O 13. Qd3 Ne8 14. Be3 Bd7 15. Nd4 Qe7 16. Ndb5 Ra6 17. g4 c6 18. Nd4 e5 19. fxe5 Rxf1+ 20. Bxf1 dxe5 21. Nf3 Be6 22. b3 Nd7 23. Ng5 Ra8 24. Rd1 Nc5 25. Qd2 Bd7 26. Bc4+ Be6 27. Nxe6 Nxe6 28. Qd7 Qh4 29. Qxe6+ 1-0

[Event "44.Semif.Camp.Italiano Categoria Mag."]
[Site "Torino ITA"]
[Date "1984.01.25"]
[Round "5"]
[White "Palmiotto, Fiorentino"]
[Black "Salvetti, Alec"]
[Result "1-0"]
[WhiteElo "2095"]
[BlackElo "1979"]
[Annotator "Gabriele Ballarin"]
[PlyCount "113"]
[EventDate "1984.01.21"]
[EventType "swiss"]
[EventRounds "9"]
[EventCountry "ITA"]

1. d4 Nf6 2. c4 e6 3. Nf3 Bb4+ 4. Bd2 c5 5. e3 O-O 6. Bxb4 cxb4 7. Bd3 d6 8. O-O Nc6 9. a4 a5 10. Nbd2 e5 11. h3 Re8 12. Qc2 Qe7 13. d5 Nb8 14. Nh2 Na6 15. Nb3 b6 16. Rae1 Bd7 17. Ra1 Rec8 18. Nd2 Nc5 19. b3 Rf8 20. Rfe1 e4 21. Bf1 h5 22. f3 Bf5 23. f4 h4 24. Nhf3 exf3 25. Qxf5 Nce4 26. Nxe4 Nxe4 27. gxf3 Nd2 28. Kf2 Nxb3 29. Rad1 Nc5 30. Bd3 Nxd3+ 31. Rxd3 Rac8 32. Rd4 Rc7 33. Rg1 Rfc8 34. Qd3 Qd7 35. Rg4 Qxa4 36. Rxh4 g6 37. f5 Qe8 38. Rde4 Re7 39. Qd4 Re5 40. fxg6 fxg6 41. f4 Rxc4 42. Rxe5 Rc2+ 43. Kf3 dxe5 44. fxe5 g5 45. Rh6 Kg7 46. Qxb6 Qf7+ 47. Qf6+ Qxf6+ 48. Rxf6 Rc5 49. Ke4 Rb5 50. d6 b3 51. Rf1 b2 52. d7 Rb8 53. Rb1 Rd8 54. e6 Kf6 55. Kd5 Ke7 56. Rxb2 a4 57. Rf2 1-0

[Event "44.Semif.Camp.Italiano Categoria Mag."]
[Site "Torino ITA"]
[Date "1984.01.25"]
[Round "5"]
[White "Pantaleoni, Claudio"]
[Black "Steinfl, Alessandro"]
[Result "1/2-1/2"]
[WhiteElo "2158"]
[BlackElo "2025"]
[Annotator "Gabriele Ballarin"]
[PlyCount "28"]
[EventDate "1984.01.21"]
[EventType "swiss"]
[EventRounds "9"]
[EventCountry "ITA"]

1. d4 Nf6 2. c4 c5 3. d5 g6 4. Nc3 d6 5. e4 Bg7 6. Nf3 O-O 7. Be2 a6 8. O-O e6 9. a4 exd5 10. cxd5 Bg4 11. Bf4 Re8 12. Nd2 Bxe2 13. Qxe2 Nh5 14. Be3 Nd7 1/2-1/2

[Event "44.Semif.Camp.Italiano Categoria Mag."]
[Site "Torino ITA"]
[Date "1984.01.25"]
[Round "5"]
[White "Pozzi, Enrico"]
[Black "Laco, Giuseppe"]
[Result "0-1"]
[WhiteElo "2058"]
[BlackElo "2170"]
[Annotator "Gabriele Ballarin"]
[PlyCount "208"]
[EventDate "1984.01.21"]
[EventType "swiss"]
[EventRounds "9"]
[EventCountry "ITA"]

1. e4 c5 2. Nf3 e6 3. Nc3 a6 4. d4 cxd4 5. Nxd4 Qc7 6. Bd3 Nc6 7. Nxc6 bxc6 8. Qe2 Ne7 9. e5 Nd5 10. O-O Nxc3 11. bxc3 a5 12. a4 Bb7 13. Bf4 f5 14. Rfb1 Be7 15. Rb3 O-O 16. Rab1 Rab8 17. Be3 c5 18. f4 Bd5 19. Rxb8 Rxb8 20. Rxb8+ Qxb8 21. Bb5 Qc7 22. Qd2 d6 23. c4 Ba8 24. exd6 Bxd6 25. Kf1 g6 26. Qf2 Qb7 27. Qd2 Be7 28. Qf2 h6 29. Qe2 Kf7 30. Bd2 Qc7 31. Qe3 Bf6 32. Qe2 Be4 33. Be3 Qd6 34. Qd2 Qxd2 35. Bxd2 Bd8 36. Be3 Bb6 37. c3 Kf6 38. Kf2 g5 39. g3 e5 40. fxe5+ Kxe5 41. Ke2 Kd6 42. h4 Bd8 43. hxg5 hxg5 44. Be8 Be7 45. Kd2 Ke5 46. Ke2 Kf6 47. Bf2 Bd6 48. Bd7 g4 49. Be1 Bf3+ 50. Kf1 Be4 51. Ke2 Ke7 52. Bb5 f4 53. gxf4 Bxf4 54. Bf2 Kd6 55. Bg1 Bg6 56. Ba6 Bf5 57. Bb5 Be5 58. Kd2 Bg6 59. Ba6 Kc6 60. Bb5+ Kb6 61. Bd7 g3 62. Bb5 Bf4+ 63. Ke2 Bh5+ 64. Kd3 Bd6 65. Ke4 Kc7 66. Be3 Be2 67. Bg1 Bg4 68. Be3 Bd1 69. Bg1 Bc2+ 70. Kf3 Bd3 71. Be3 Bf1 72. Bg1 Kd8 73. Be3 Ke7 74. Bg5+ Ke6 75. Be3 g2 76. Bg1 Be5 77. Bxc5 Bh2 78. Ke4 g1=Q 79. Bxg1 Bxg1 80. Ba6 Bg2+ 81. Kd3 Kd6 82. Bb5 Kc5 83. Kc2 Be3 84. Kd3 Bg5 85. Kc2 Be4+ 86. Kb2 Be3 87. Kb3 Bf3 88. Kc2 Be2 89. Kb3 Bd1+ 90. Ka2 Bh6 91. Kb2 Bd2 92. Be8 Kxc4 93. Bb5+ Kc5 94. Be8 Kd5 95. Bb5 Ke4 96. Be8 Ke3 97. Bb5 Kf2 98. Bd7 Ke1 99. Bb5 Be3 100. Bd7 Kd2 101. Bb5 Bf4 102. c4 Be5+ 103. Ka2 Bd4 104. Ka3 Kc3 0-1